Common Sense - Statistics

General Stats
  • This quiz has been taken 368 times
  • The average score is 8 of 15
Answer Stats
Question Answer % Correct
Which of these is an reptile? black mamba
100%
which of these is not a sport? staring at a wall
86%
which of these is a fruit tomato
86%
how many years are in a decade 10
71%
which country has the longest life expectancy japan
71%
which of these is a primary color? red
71%
how old is the oldest person on earth ever? 122
57%
How many countries in Antarctica none
57%
who is the oldest united states president still living and not in the office carter
43%
Who died on their birthday? Mark Twain
43%
which of these is not a sport term? crashbreak
29%
Which of these is impossible? to hum with your nose closed
29%
which of these words are spelled incorrectly unaproximately
29%
how many yards are in a foot 0.3
14%
Who is the 13 president? Millard Fillmore
0%
No matching quizzes found
Score Distribution
Percent of People with Each Score
Percentile by Number Answered
Your Score History
You have not taken this quiz